Zdraví je v naší hlavě /
Kniha známé autorky a propagátorky zdravého životního stylu vám odhalí tajemství psychosomatiky. Naše zdraví ovlivňuje životní styl, dědičnost a životní prostředí. Kromě těchto faktorů existuje velmi úzký vztah mezi zdravím a duševním rozpoložením neboli psychikou člověka. Negativní emoce, dlouhodob...
Uloženo v:
| Hlavní autor: | |
|---|---|
| Médium: | E-kniha |
| Jazyk: | Czech |
| Vydáno: |
Praha :
E-knihy jedou,
2026
|
| Tagy: |
Žádné tagy |
| LEADER | 01531nam a22002297i 4500 | ||
|---|---|---|---|
| 001 | 301511 | ||
| 007 | ta | ||
| 008 | 260430s2026 xr ||||| |||| 00| 0 cze d | ||
| 020 | |a 9990004265370 | ||
| 044 | |a xr | ||
| 100 | 1 | |a Mandžuková, Jarmila |4 aut | |
| 245 | 1 | 0 | |a Zdraví je v naší hlavě / |c Mandžuková, Jarmila |
| 264 | 1 | |a Praha : |b E-knihy jedou, |c 2026 | |
| 300 | |a 1 online zdroj (300 stran) | ||
| 336 | |a text |b txt |2 rdacontent | ||
| 337 | |a bez média |b n |2 rdamedia | ||
| 338 | |a online zdroj |b cr |2 rdacarrier | ||
| 520 | 2 | |a Kniha známé autorky a propagátorky zdravého životního stylu vám odhalí tajemství psychosomatiky. Naše zdraví ovlivňuje životní styl, dědičnost a životní prostředí. Kromě těchto faktorů existuje velmi úzký vztah mezi zdravím a duševním rozpoložením neboli psychikou člověka. Negativní emoce, dlouhodobý stres, rodinné či pracovní problémy a další trápení mohou významně ovlivnit fyzické zdraví. Kniha uvádí podrobné popisy více než sedmdesáti nemocí a snaží se odkrýt příčiny zdravotních potíží. | |
| 910 | |a RBIT002 | ||
| 998 | |d 426537 |a https://core.palmknihy.cz/api/books/426537/cover?te7nrm |b https://core.palmknihy.cz/api/books/426537/cover/400?te7nrm |c https://core.palmknihy.cz/api/books/426537/cover/50?te7nrm |e |g 300 |i 9990004265370 |j https://core.palmknihy.cz/api/books/426537/preview.epub |k https://core.palmknihy.cz/api/books/426537/preview.pdf |l |q 49 |r 1 |s https://www.palmknihy.cz/kniha/426537 |t ebook |y 2026 |z 1 | ||
| 999 | |d 301509 | ||